书目信息 |
| 题名: |
新中国美术图史
|
|
| 作者: | 王明贤 , 严善錞 著 | |
| 分册: | ||
| 出版信息: | 北京 中国青年出版社 2000 |
|
| 页数: | 228页 | |
| 开本: | 16开 | |
| 丛书名: | ||
| 单 册: | ||
| 中图分类: | J120.97-64 | |
| 科图分类: | ||
| 主题词: | 美术史--中国 , 艺术--中国 | |
| 电子资源: | ||
| ISBN: | 7-5006-3974-0 | |
| 000 | 00672nam0 2200229 45 | |
| 001 | 0210220865 | |
| 005 | 20031219104058.8 | |
| 010 | @a7-5006-3974-0@dCNY110.00 | |
| 100 | @a20021022d2000 km y0chiy0120 ea | |
| 101 | 0 | @achi |
| 105 | @aa z 000yy | |
| 200 | 1 | @a新中国美术图史@AXin Zhong Guo Mei Shu Tu Shi@e1966-1976@f王明贤,严善錞著@FWang Ming Xian,Yan Shan Duo Zhu |
| 210 | @a北京@c中国青年出版社@d2000 | |
| 215 | @a228页@c彩图@d16开 | |
| 517 | @a1966-1976 | |
| 606 | 0 | @a美术史@y中国 |
| 606 | 0 | @a艺术@x中国 |
| 690 | @aJ120.97-64@v4 | |
| 701 | @a王明贤@4著 | |
| 701 | 0 | @a严善錞@4著 |
| 801 | @aCN@bTSTC@c20021022 | |
| 905 | @b316056-058@dJ120.97-64@e41:2@f3 | |
| 新中国美术图史:1966-1976/王明贤,严善錞著.-北京:中国青年出版社,2000 |
| 228页:彩图;16开 |
| ISBN 7-5006-3974-0:CNY110.00 |
| ● |
| 相关链接 |
|
|
|
|
正题名:新中国美术图史
索取号:J120.97-64/41:2
 
预约/预借
| 序号 | 登录号 | 条形码 | 馆藏地/架位号 | 状态 | 备注 |
| 1 | 0316056 | 203160569 | 第一借阅区/ [索取号:J120.97-64/41:2] | 在馆 | |
| 2 | 0316057 | 203160578 | 第一借阅区/ [索取号:J120.97-64/41:2] | 在馆 | |
| 3 | 0316058 | 203160587 | 第一样本阅览室/ [索取号:J120.97-64/41:2] | 在馆 |